| 000 | 00916cam a2200217 4500 | ||
|---|---|---|---|
| 001 | J125445 | ||
| 008 | 040317n2003 000 0 eng u | ||
| 035 | _a(Sirsi) u125445 | ||
| 041 | _aeng | ||
| 050 |
_a692.8 _c18 |
||
| 110 |
_aJoint Contracts Tribunal _93664 |
||
| 245 | _aJCT major project form guidance note | ||
| 260 |
_aLondon _bRIBA Enterprises _c2003 |
||
| 300 |
_a24p. _c30cm. |
||
| 520 | _aGuidance note to accompany the "JCT major projects form." (J122869). Discusses: key features; the contract; the contract conditions; the appendix; third party rights schedule; requirements; proposals; and the pricing document. | ||
| 650 | _aJCT MAJOR PROJECT FORM (2003 EDITION) | ||
| 650 | _aMAJOR PROJECTS | ||
| 650 | _aBUILT ENVIRONMENT-BUILDING CONTRACT FORMS-STANDARD FORMS OF BUILDING CONTRACT-JOINT CONTRACTS TRIBNUAL CONTRACTS | ||
| 690 | _aBUILT ENVIRONMENT-BUILDING CONTRACT FORMS | ||
| 942 | _n0 | ||
| 999 |
_c103387 _d103387 |
||